| 000 | 00623nam a2200181Ia 4500 | ||
|---|---|---|---|
| 008 | 151202s9999||||xx |||||||||||||| ||und|| | ||
| 082 | _bPNVM-62280 | ||
| 100 | _aबहुलेकर अनिल. | ||
| 245 | _aसोस तू माझ्याजीवा. | ||
| 260 | _b"सहयोग प्रकाशन,ठाणे." | ||
| 260 | _c62279 | ||
| 300 | _a158 | ||
| 600 | _aबहुलेकर अनिल. | ||
| 630 | _aसोस तू माझ्याजीवा. | ||
| 700 | _aबहुलेकर अनिल. | ||
| 730 | _aसोस तू माझ्याजीवा. | ||
| 942 | _cBOOK | ||
| 999 |
_c1328814 _d1328811 |
||